| 000 | 004360000a22001810004500 | ||
|---|---|---|---|
| 003 | MACL | ||
| 005 | 20151003113405.0 | ||
| 008 | 151003b xxu||||| |||| 00| 0 eng d | ||
| 040 |
_aMACL _cMACL |
||
| 041 | _aEnglish | ||
| 082 | _a910 | ||
| 100 |
_aRamachandran, K K _913338 |
||
| 245 | _aKerala State Gazetteer | ||
| 260 |
_bGovernment Of Kerala _c1986 |
||
| 350 | _a73 | ||
| 650 |
_aGeography & Travel _913339 |
||
| 942 |
_cBK _k910 _2ddc |
||
| 999 |
_c3585 _d3585 |
||